Jak léčit křečové žíly Strava - vitaminy ... - dýchaní

Bibliographic Details
Main Author: Jerhot, Jan (Author)
Format: Book
Language:Czech
PhysicalDescription:24 s. 20 cm
Published: Třebíč ASU [1992]
ISBN:8090088759
Edition:1. vyd.

MARC

LEADER 00000nam a2200000 a 4500
001 vtls001135931
003 SK-MaSNL
005 20260301111757.0
008 250414s1992 CS 0 cze
020 |a 8090088759 
035 |a SNK000078784 
040 |a SNK  |b slo  |c SNK  |e AACR2 
041 0 |a cze 
044 |a [CS] 
080 |a 616.14-007.64:616-08  |2 1981 
080 |a 616-08  |2 1981 
100 1 |a Jerhot, Jan  |4 aut  |9 61656 
245 1 0 |a Jak léčit křečové žíly  |b Strava - vitaminy ... - dýchaní  |c Jan Jerhot 
250 |a 1. vyd. 
260 |a Třebíč  |b ASU  |c [1992] 
300 |a 24 s.  |c 20 cm 
500 |a p. aj: Jak 
852 |a Slovenská národná knižnica 
919 |a 80-900887-5-9 
999 |c 708348  |d 710278 
952 |t P60, <04>, [BOOK], {604}  |a SNK  |b SNK  |y VYP  |7 0  |p 17A0012811  |o snkIC 121376  |0 0  |1 0  |4 0  |d 1996-10-08  |l 0  |r 2005-01-01 00:00:00  |w 2026-02-23